Culture Matters: How Values Shape Human Progress (Record no. 1726394)

MARC details
000 -LEADER
fixed length control field 00546nam a22001817a 4500
005 - DATE AND TIME OF LATEST TRANSACTION
control field 20260323125105.0
008 - FIXED-LENGTH DATA ELEMENTS--GENERAL INFORMATION
fixed length control field 260323b |||||||| |||| 00| 0 eng d
037 ## - SOURCE OF ACQUISITION
Terms of availability DSWL
040 ## - CATALOGING SOURCE
Original cataloging agency DSWL
Transcribing agency DSWL
041 ## - LANGUAGE CODE
Language code of original eng
245 ## - TITLE STATEMENT
Title Culture Matters: How Values Shape Human Progress
260 ## - PUBLICATION, DISTRIBUTION, ETC.
Place of publication, distribution, etc. New York,
Name of publisher, distributor, etc. Basic Books,
Date of publication, distribution, etc. 2001
300 ## - PHYSICAL DESCRIPTION
Extent 384p
365 ## - TRADE PRICE
Price type code USD
Price amount 35.00
700 ## - ADDED ENTRY--PERSONAL NAME
Personal name Samuel P. Huntington Ed.
9 (RLIN) 1137605
942 ## - ADDED ENTRY ELEMENTS (KOHA)
Source of classification or shelving scheme Colon Classification (CC)
Koha item type Textual
Suppress in OPAC No
Holdings
Withdrawn status Lost status Source of classification or shelving scheme Damaged status Not for loan Home library Current library Date acquired Source of acquisition Inventory number Total Checkouts Barcode Date last seen Price effective from Koha item type
    Colon Classification (CC)     Department of Social Work Library Department of Social Work Library 2017-03-03 Standard Book House 425/03.03.17   SW0032190 2026-03-23 2026-03-23 Textual
Copyright @ Delhi University Library System